Todos os times que disputaram a Libertadores - Statistics

Estatísticas Gerais
  • Esse quiz foi jogado 1 082 vezes
    538 desde o último reset
  • A pontuação média é 97 de 246
Estatísticas das Respostas
País Nº Edições Última Edição Time % Correto
ARG 34 2026 Boca Júniors
94%
ARG 41 2025 River Plate
94%
URU 1 2016 River Plate
94%
BRA 22 2026 Flamengo
89%
BRA 26 2026 Palmeiras
89%
BRA 19 2026 Corinthians
87%
ARG 20 2018 Independiente
87%
BRA 23 2025 São Paulo
87%
BRA 8 2026 Botafogo
86%
BRA 18 2026 Cruzeiro
86%
BRA 11 2026 Fluminense
86%
BRA 22 2024 Grêmio
86%
BRA 16 2021 Santos
86%
BRA 13 2024 Atlético Mineiro
85%
BRA 16 2025 Internacional
85%
ARG 13 2025 Racing
85%
URU 1 2010 Racing Montevideo
85%
BRA 2 2009 Sport
85%
BRA 9 2018 Vasco da Gama
85%
BRA 9 2023 Athlético Paranaense
84%
BRA 5 2026 Bahia
84%
ARG 19 2026 Estudiantes
83%
BRA 1 2026 Mirassol
82%
MEX 7 2011 América
81%
BRA 2 2004 Coritiba
80%
BRA 3 2025 Fortaleza
80%
PAR 11 2025 Nacional
80%
URU 53 2026 Nacional
80%
URU 1 2026 Juventud
79%
ARG 18 2024 San Lorenzo
78%
ARG 18 2025 Vélez Sarsfield
77%
BOL 40 2026 Bolívar
76%
CHI 38 2025 Colo Colo
76%
BRA 3 2004 São Caetano
76%
BRA 3 1988 Guarani
74%
PAR 21 2026 Guarani
74%
BRA 2 2018 Chapecoense
73%
BRA 1 1992 Criciúma
73%
BRA 1 2005 Santo André
73%
COL 25 2025 Atlético Nacional
72%
URU 51 2026 Peñarol
72%
BRA 2 2024 Red Bull Bragantino
72%
CHI 30 2026 Universidad Católica
72%
EQU 6 2026 Universidad Católica
72%
ARG 6 2026 Argentinos Júniors
71%
EQU 23 2026 Liga de Quito
71%
PAR 47 2025 Olimpia
71%
ARG 14 2026 Rosário Central
71%
ARG 2 2020 Tigre
71%
EQU 32 2026 Barcelona Guayaquil
70%
BRA 1 2006 Paulista
70%
BRA 2 2022 América Mineiro
69%
BRA 1 2006 Goiás
69%
ARG 7 2026 Lanús
69%
CHI 26 2025 Universidad de Chile
69%
BRA 1 2000 Juventude
68%
BRA 1 1986 Bangu
67%
PER 36 2026 Universitario
66%
BRA 1 2007 Paraná
65%
BRA 1 2003 Paysandu
65%
BRA 1 1968 Náutico
64%
ARG 8 2014 Newell's Old Boys
64%
URU 3 2017 Cerro
62%
VEN 22 2024 Caracas
60%
BOL 32 2026 The Strongest
59%
COL 21 2021 América de Cali
57%
ARG 5 2023 Huracán
57%
EQU 12 2026 Independiente del Valle
57%
ARG 1 2026 Platense
57%
ARG 5 2025 Talleres
57%
PER 32 2026 Alianza Lima
56%
MEX 7 2012 Chivas Guadalajara
56%
CHI 13 2007 Cobreloa
55%
PAR 47 2026 Cerro Porteño
54%
MEX 4 2015 Tigres UANL
54%
PAR 25 2026 Libertad
53%
ARG 2 2021 Defensa y Justicia
52%
COL 20 2024 Millonarios
51%
COL 8 2015 Once Caldas
51%
PER 41 2026 Sporting Cristal
51%
ARG 3 2020 Atlético Tucumán
50%
ARG 4 2018 Banfield
50%
EQU 29 2022 Emelec
50%
CHI 3 2024 Cobresal
49%
COL 15 2026 Santa Fé
49%
ARG 1 2025 Central Córdoba
48%
COL 21 2022 Deportivo Cali
48%
COL 11 2026 Tolima
48%
COL 19 2026 Júnior Barranquilla
47%
COL 11 2026 Independiente Medellin
46%
VEN 9 2024 Portuguesa
46%
ARG 3 2022 Colón
45%
ARG 5 2024 Godoy Cruz
45%
BOL 20 2020 Jorge Wilstermann
45%
URU 5 2026 Liverpool
45%
ARG 4 2014 Arsenal de Sarandí
44%
MEX 2 2009 Pachuca
44%
MEX 3 2012 Cruz Azul
43%
BOL 6 2026 Always Ready
42%
ARG 1 2026 Independiente Rivadavia
42%
BOL 21 2018 Oriente Petrolero
42%
MEX 1 2013 Tijuana
42%
VEN 28 2026 Deportivo Táchira
41%
CHI 7 2024 Palestino
40%
URU 18 2025 Defensor
39%
PER 1 1970 Defensor Arica
39%
PER 1 1974 Defensor Lima
39%
ARG 2 2007 Gimnasia y Esgrima
39%
BOL 8 2020 San José
39%
BOL 8 2025 Blooming
38%
MEX 2 2010 Monterrey
38%
ARG 1 2023 Patronato
38%
MEX 3 2016 Pumas
38%
CHI 2 2026 Coquimbo Unido
37%
CHI 13 2021 Unión Española
37%
ARG 2 2005 Quilmes
36%
BOL 6 2012 Real Potosí
36%
URU 8 2019 Danubio
35%
URU 10 2021 Montevideo Wanderers
35%
CHI 3 2018 Santiago Wanderers
35%
EQU 27 2025 El Nacional
34%
BOL 1 2022 Independiente Petrolero
34%
CHI 5 2026 O'Higgins
34%
ARG 2 1985 Ferro Carril Oeste
33%
CHI 4 2026 Huachipato
33%
MEX 2 2014 León
33%
BOL 2 2026 Nacional Potosí
33%
MEX 3 2016 Toluca
33%
CHI 3 2022 Audax Italiano
31%
PER 6 2008 Cienciano
31%
BOL 1 2017 Sport Boys
31%
PER 6 2001 Sport Boys
31%
VEN 6 2026 Carabobo
30%
BOL 1 2025 San Antonio Bulo Bulo
30%
MEX 3 2015 Atlas
28%
BOL 3 2024 Aurora
28%
PER 1 2026 Cusco
28%
PER 9 2025 Melgar
28%
MEX 2 2014 Santos Laguna
28%
MEX 2 2007 Necaxa
27%
EQU 3 2020 Delfín
26%
CHI 3 2022 Everton
26%
BOL 1 2008 La Paz
26%
URU 1 2022 Montevideo City Torque
26%
CHI 1 2021 Unión La Calera
26%
COL 2 2008 Cúcuta Deportivo
25%
CHI 3 2025 Deportes Iquique
25%
COL 2 2025 Atlético Bucaramanga
24%
URU 1 2020 Cerro Largo
24%
COL 1 2023 Deportivo Pereira
23%
EQU 10 2014 Deportivo Quito
23%
VEN 6 2023 Zamora
23%
EQU 2 2024 Aucas
22%
EQU 7 2010 Deportivo Cuenca
22%
CHI 2 2001 Desportes Concepción
22%
BOL 2 1996 Guabirá
22%
PAR 6 1992 Sol de América
22%
PAR 1 2026 2 de Mayo
21%
BOL 1 1967 31 de Octubre
21%
MEX 1 2001 Atlante
21%
URU 2 2025 Boston River
21%
VEN 3 2026 Deportivo La Guaira
21%
CHI 2 2025 Ñublense
21%
PER 4 2019 Real Garcilaso
21%
VEN 2 2026 Universidad Central de Venezuela
21%
BOL 3 2017 Universitário de Sucre
21%
BOL 3 1974 Deportivo Municipal
20%
PER 2 2017 Deportivo Municipal
20%
CHI 2 2023 Magallanes
20%
MEX 4 2015 Monarcas Morelia
20%
PER 4 2022 Universidad César Vallejo
20%
URU 1 2023 Deportivo Maldonado
19%
COL 1 2007 Deportivo Pasto
19%
MEX 1 2016 Puebla
19%
PAR 3 2008 Sportivo Luqueño
19%
COL 2 2009 Boyacá Chicó
18%
VEN 5 2022 Deportivo Lara
18%
URU 2 2004 Fénix
18%
BOL 1 2021 Royal Pari
18%
MEX 3 2011 San Luis
18%
PER 1 2020 Binacional
17%
BOL 2 1972 Chaco Petrolero
17%
MEX 1 2011 Jaguares
17%
CHI 1 1970 Rangers
17%
BOL 1 1970 Universitário de La Paz
17%
CHI 1 2023 Curicó Unido
16%
VEN 4 2025 Monagas
16%
PER 2 2023 Sport Huancayo
16%
COL 1 1969 Unión Magdalena
16%
CHI 3 2019 Universidad Concepción
16%
PAR 2 2003 12 de Octubre
15%
VEN 1 1998 Atlético Zulia
15%
VEN 8 2020 Estudiantes de Mérida
15%
URU 1 2021 Rentistas
15%
PAR 1 2024 Sportivo Trinidense
15%
PAR 2 2007 Tacuary
15%
MEX 1 2010 Tecos
15%
VEN 4 2008 Unión Maracaibo
15%
CHI 1 1972 Unión San Felipe
15%
VEN 3 2014 Deportivo Anzoátegui
14%
PAR 1 2017 Deportivo Capiatá
14%
VEN 8 2010 Deportivo Itália
14%
VEN 1 1966 Lara
14%
EQU 2 2020 Macará
14%
VEN 1 2024 Academia Puerto Cabello
13%
EQU 4 2008 Olmedo
13%
URU 3 2020 Progreso
13%
URU 1 2006 Rocha
13%
EQU 3 1985 9 de Octubre
12%
PAR 2 2000 Atlético Colegiales
12%
PER 1 2021 Ayacucho
12%
URU 6 2000 Bella Vista
12%
EQU 1 1996 Espoli
12%
VEN 5 2015 Mineros de Guayana
12%
URU 1 2022 Plaza Colonia
12%
VEN 3 2016 Trujillanos
12%
PER 3 2011 Universidad San Martín
12%
VEN 1 2017 Zulia
12%
COL 1 2024 Águilas Doradas
11%
EQU 2 1992 Filabanco / Valdez
11%
VEN 1 2023 Metropolitanos
11%
VEN 4 1997 Minervén
11%
EQU 2 1972 América de Quito
10%
VEN 1 1968 Deportivo Portugues
10%
EQU 1 1963 Everest
10%
PER 1 2008 Coronel Bolognesi
9%
COL 1 2002 Cortuluá
9%
VEN 1 2011 Deportivo Petare
9%
EQU 2 1981 Técnico Universitário
9%
VEN 3 1974 Valencia
9%
VEN 1 2003 Nacional Táchira
8%
PER 1 1976 Alfonso Ugarte
7%
VEN 9 1980 Deportivo Galicia
7%
VEN 2 2001 Deportivo Italchacao
7%
PER 1 2011 León Huánuco
7%
PER 3 1990 Unión Huaral
7%
VEN 5 1994 Marítimo
6%
PER 1 1986 Universidad Técnica de Cajamarca
6%
PER 1 1981 Atlético Torino
5%
VEN 1 1969 Litoral
5%
VEN 1 1990 Pepaganda Margarita
5%
PER 1 1987 San Agustín
5%
VEN 3 1999 Universidad de Los Andes
5%
PER 1 1980 Atlético Chalaco
4%
VEN 1 1983 Atlético San Cristóbal
4%
VEN 1 1969 Unión Canarias
3%
Nenhum quiz correspondente encontrado
Distribuição das Pontuações
Porcentagem de Pessoas com Cada Pontuação
Percentil de Números Respondidos
Sua Pontuação Histórica
Você não jogou esse quiz desde o último reset